Abundance: Sexuality's history (Record no. 395243)

MARC details
000 -LEADER
fixed length control field 00488 a2200193 4500
005 - DATE & TIME
control field 20260428143726.0
008 - FIXED-LENGTH DATA ELEMENTS--GENERAL INFORMATION
fixed length control field 260428b |||||||| |||| 00| 0 eng d
020 ## - ISBN
International Standard Book Number 9789354424540
Price Rs. 945.00
040 ## - CATALOGING SOURCE
Original cataloging agency VIVEKANANDA LIBRARY
082 ## - DDC NUMBER
Classification number 306.7
Book Number A67A
100 ## - MAIN ENTRY--PERSONAL NAME
Personal name Arondekar, Anjali
245 ## - TITLE STATEMENT
Title Abundance: Sexuality's history
260 ## - PUBLICATION, DISTRIBUTION, ETC. (IMPRINT)
Name of publisher, distributor, etc Orient BlackSwan
Date of publication, distribution, etc 2023
Place of publication, distribution, etc Hyderabad
300 ## - PHYSICAL DESCRIPTION
Pages 166
650 ## - Subject
Subject Social Sciences
650 ## - Subject
Subject Culture
650 ## - Subject
Subject Sexual Problems
942 ## - ADDED ENTRY ELEMENTS (KOHA)
Koha item type Books
Holdings
Withdrawn status Lost status Source of classification or shelving scheme Damaged status Not for loan Location (home branch) Sublocation or collection (holding branch) Shelving location Date acquired Koha issues (times borrowed) Koha full call number Accession No. Koha date last seen Koha item type
    Dewey Decimal Classification     VIVEKANANDA LIBRARY VIVEKANANDA LIBRARY Vivekananda Library 05/03/2026   306.7 A67A 438657 05/03/2026 Books
© Designed and Maintained by Vivekananda Library, MDU Rohtak